LEADER 02260nam 2200529 a 450 001 9910786211003321 005 20230803025847.0 010 $a0-8389-9488-1 035 $a(CKB)2670000000345946 035 $a(EBL)1158445 035 $a(SSID)ssj0000889883 035 $a(PQKBManifestationID)11487604 035 $a(PQKBTitleCode)TC0000889883 035 $a(PQKBWorkID)10883960 035 $a(PQKB)10073963 035 $a(OCoLC)839304467 035 $a(MiAaPQ)EBC1158445 035 $a(Au-PeEL)EBL1158445 035 $a(CaPaEBR)ebr10751727 035 $a(OCoLC)845252443 035 $a(EXLCZ)992670000000345946 100 $a20130911d2013 uy 0 101 0 $aeng 135 $aur|n|---||||| 181 $ctxt 182 $cc 183 $acr 200 10$aPicturing the world$b[electronic resource]$einformational picture books for children /$fKathleen T. Isaacs 210 $aChicago, Ill. $cAmerican Library Association$dc2013 215 $a1 online resource (218 p.) 300 $aIncludes indexes. 311 $a0-8389-1126-9 327 $aContents; Author's Note; Chapter 1: What Are Informational Picture Books?; Chapter 2: Choosing Good Informational Picture Books; Chapter 3: Ourselves and Our World at Home and School; Chapter 4: The Natural World around Us; Chapter 5: The World We Make; Chapter 6: The Things We Do; Chapter 7: The World of Faith and Festivals; Chapter 8: Our World in History; Chapter 9: Our World Today; Appendix: A List of Awards and Best-of-the-Year Book Lists Mentioned in the Annotations; Title Index; Author and Illustrator Index; Subject Index 330 $aPicturing the World is an invaluable aid to librarians and educators in their ongoing search for high quality informational children's books. 606 $aPicture books for children$zUnited States$vBibliography 606 $aPicture books for children$xEducational aspects 615 0$aPicture books for children 615 0$aPicture books for children$xEducational aspects. 676 $a011.62 700 $aIsaacs$b Kathleen T$01533587 801 0$bMiAaPQ 801 1$bMiAaPQ 801 2$bMiAaPQ 906 $aBOOK 912 $a9910786211003321 996 $aPicturing the world$93780655 997 $aUNINA LEADER 05934nam 22009255 450 001 9910777466303321 005 20200703144927.0 010 $a1-281-51253-2 010 $a9786611512538 010 $a1-4020-8252-5 024 7 $a10.1007/978-1-4020-8252-8 035 $a(CKB)1000000000440727 035 $a(EBL)367278 035 $a(OCoLC)311308637 035 $a(SSID)ssj0000111969 035 $a(PQKBManifestationID)11124752 035 $a(PQKBTitleCode)TC0000111969 035 $a(PQKBWorkID)10086241 035 $a(PQKB)10665779 035 $a(SSID)ssj0000768388 035 $a(PQKBManifestationID)12303502 035 $a(PQKBTitleCode)TC0000768388 035 $a(PQKBWorkID)10759196 035 $a(PQKB)11503636 035 $a(DE-He213)978-1-4020-8252-8 035 $a(MiAaPQ)EBC367278 035 $a(PPN)127050620 035 $a(EXLCZ)991000000000440727 100 $a20100301d2008 u| 0 101 0 $aeng 135 $aur|n|---||||| 181 $ctxt 182 $cc 183 $acr 200 10$aBiological Nitrogen Fixation: Towards Poverty Alleviation through Sustainable Agriculture$b[electronic resource] $eProceedings of the 15th International Nitrogen Fixation Congress and the 12th International Conference of the African Association for Biological Nitrogen Fixation /$fedited by Felix D. Dakora, Samson B. M. Chimphango, Alex J. Valentine, Claudine Elmerich, William E. Newton 205 $a1st ed. 2008. 210 1$aDordrecht :$cSpringer Netherlands :$cImprint: Springer,$d2008. 215 $a1 online resource (352 p.) 225 1 $aCurrent Plant Science and Biotechnology in Agriculture,$x0924-1949 ;$v42 300 $aDescription based upon print version of record. 311 $a90-481-7821-5 311 $a1-4020-8251-7 320 $aIncludes bibliographical references and author index. 327 $aFrom the contents Preface. Dedication. Keynote Lecture -- Section 1. Towards Sustainable Agriculture. A. Crop Improvement and Sustainable Agriculture for Poverty Alleviation. B. Use of Inoculants. C. Tree Legumes and Forestry. E. Summary Presentations -- Section 2. Nodule Organogenesis and Plant Genomics. A. Host Response to Invasion. B. Nodule Physiology and Genetics. C. Plant Genomics and Transcriptomics. D. Bacterial Partner. E. Summary Presentations -- Section 3. Microbiology of Nitrogen Fixation. A. Genomics, Phylogeny, and Evolution. B. Rhizospere Associations. C. Enzymology and Genetics. D. Photosynthetic Nitrogen Fixers. E. Summary Presentations -- Author Index. 330 $aThis volume covers recent developments in both fundamental and applied research in biological nitrogen fixation. It emphasizes the application of biological nitrogen fixation for sustainable agriculture, which should lead to poverty alleviation, environmental protection, and good agricultural practices generally. The roles of, and advances in, plant breeding, plant molecular biology, nodule physiology, and symbiotic and associative interactions between plants and microbes in sustaining agricultural productivity and soil fertility are described. The evolution of symbioses and nitrogen fixation are also covered in this volume. To ensure high agricultural productivity, while protecting the environment (both soil and water resources), requires plant cultivars that also respond to beneficial microbes. The volume, therefore, describes the physiology and genomics of nitrogen-fixing bacteria together with the biochemistry and molecular genetics of the nitrogenase enzyme that actually fixes atmospheric nitrogen to a usable form. This volume, which covers the most recent data on the role of nitrogen fixation in agriculture and forestry and on the biology of both plants and nitrogen-fixing microbes, is intended to serve as a useful reference for students and researchers, both in the laboratory (academic and commercial) and in the field. 410 0$aCurrent Plant Science and Biotechnology in Agriculture,$x0924-1949 ;$v42 606 $aMicrobiology 606 $aAgriculture 606 $aMicrobial genetics 606 $aMicrobial genomics 606 $aPlant biochemistry 606 $aMicrobial ecology 606 $aMicrobiology$3https://scigraph.springernature.com/ontologies/product-market-codes/L23004 606 $aAgriculture$3https://scigraph.springernature.com/ontologies/product-market-codes/L11006 606 $aMicrobial Genetics and Genomics$3https://scigraph.springernature.com/ontologies/product-market-codes/L32010 606 $aPlant Biochemistry$3https://scigraph.springernature.com/ontologies/product-market-codes/L14021 606 $aMicrobial Ecology$3https://scigraph.springernature.com/ontologies/product-market-codes/L19082 615 0$aMicrobiology. 615 0$aAgriculture. 615 0$aMicrobial genetics. 615 0$aMicrobial genomics. 615 0$aPlant biochemistry. 615 0$aMicrobial ecology. 615 14$aMicrobiology. 615 24$aAgriculture. 615 24$aMicrobial Genetics and Genomics. 615 24$aPlant Biochemistry. 615 24$aMicrobial Ecology. 676 $a572.545 676 $a589 702 $aDakora$b Felix D$4edt$4http://id.loc.gov/vocabulary/relators/edt 702 $aChimphango$b Samson B. M$4edt$4http://id.loc.gov/vocabulary/relators/edt 702 $aValentine$b Alex J$4edt$4http://id.loc.gov/vocabulary/relators/edt 702 $aElmerich$b Claudine$4edt$4http://id.loc.gov/vocabulary/relators/edt 702 $aNewton$b William E$4edt$4http://id.loc.gov/vocabulary/relators/edt 712 12$aInternational Conference of the African Association for Biological Nitrogen Fixation$d(12th :$f2008? :$eCape Town, South Africa) 906 $aBOOK 912 $a9910777466303321 996 $aBiological Nitrogen Fixation: Towards Poverty Alleviation through Sustainable Agriculture$93826427 997 $aUNINA